<?xml version="1.0" encoding="UTF-8"?><?xml-stylesheet type="text/xsl" href="static/style.xsl"?><OAI-PMH xmlns="http://www.openarchives.org/OAI/2.0/" xmlns:xsi="http://www.w3.org/2001/XMLSchema-instance" xsi:schemaLocation="http://www.openarchives.org/OAI/2.0/ http://www.openarchives.org/OAI/2.0/OAI-PMH.xsd"><responseDate>2026-04-17T11:40:02Z</responseDate><request verb="GetRecord" identifier="oai:www.recercat.cat:2072/478136" metadataPrefix="marc">https://recercat.cat/oai/request</request><GetRecord><record><header><identifier>oai:recercat.cat:2072/478136</identifier><datestamp>2024-11-21T02:47:28Z</datestamp><setSpec>com_2072_98</setSpec><setSpec>col_2072_378192</setSpec></header><metadata><record xmlns="http://www.loc.gov/MARC21/slim" xmlns:dcterms="http://purl.org/dc/terms/" xmlns:xsi="http://www.w3.org/2001/XMLSchema-instance" xmlns:doc="http://www.lyncode.com/xoai" xsi:schemaLocation="http://www.loc.gov/MARC21/slim http://www.loc.gov/standards/marcxml/schema/MARC21slim.xsd">
   <leader>00925njm 22002777a 4500</leader>
   <datafield ind2=" " ind1=" " tag="042">
      <subfield code="a">dc</subfield>
   </datafield>
   <datafield ind2=" " ind1=" " tag="720">
      <subfield code="a">Kavanaugh, Arthur</subfield>
      <subfield code="e">author</subfield>
   </datafield>
   <datafield ind2=" " ind1=" " tag="720">
      <subfield code="a">Ritchlin, Christopher</subfield>
      <subfield code="e">author</subfield>
   </datafield>
   <datafield ind2=" " ind1=" " tag="720">
      <subfield code="a">Rahman, Proton</subfield>
      <subfield code="e">author</subfield>
   </datafield>
   <datafield ind2=" " ind1=" " tag="720">
      <subfield code="a">Puig, Lluis</subfield>
      <subfield code="e">author</subfield>
   </datafield>
   <datafield ind2=" " ind1=" " tag="720">
      <subfield code="a">Gottlieb, Alice B.</subfield>
      <subfield code="e">author</subfield>
   </datafield>
   <datafield ind2=" " ind1=" " tag="720">
      <subfield code="a">Li, Shu</subfield>
      <subfield code="e">author</subfield>
   </datafield>
   <datafield ind2=" " ind1=" " tag="720">
      <subfield code="a">Wang, Yuhua</subfield>
      <subfield code="e">author</subfield>
   </datafield>
   <datafield ind2=" " ind1=" " tag="720">
      <subfield code="a">Noonan, Lenore</subfield>
      <subfield code="e">author</subfield>
   </datafield>
   <datafield ind2=" " ind1=" " tag="720">
      <subfield code="a">Brodmerkel, Carrie</subfield>
      <subfield code="e">author</subfield>
   </datafield>
   <datafield ind2=" " ind1=" " tag="720">
      <subfield code="a">Song, Michael</subfield>
      <subfield code="e">author</subfield>
   </datafield>
   <datafield ind2=" " ind1=" " tag="720">
      <subfield code="a">Mendelsohn, Alan M.</subfield>
      <subfield code="e">author</subfield>
   </datafield>
   <datafield ind2=" " ind1=" " tag="720">
      <subfield code="a">McInnes, Iiain B.</subfield>
      <subfield code="e">author</subfield>
   </datafield>
   <datafield ind2=" " ind1=" " tag="720">
      <subfield code="a">Universitat Autònoma de Barcelona. Departament de Medicina</subfield>
      <subfield code="e">author</subfield>
   </datafield>
   <datafield ind2=" " ind1=" " tag="260">
      <subfield code="c">2014</subfield>
   </datafield>
   <datafield ind2=" " ind1=" " tag="520">
      <subfield code="a">Objective Evaluate ustekinumab, an anti-interleukin (IL)-12 and IL-23 antibody, effects on radiographic progression in psoriatic arthritis (PsA). Methods: We conducted preplanned integrated analyses of combined radiographic data from PSUMMIT-1 and PSUMMIT-2 phase 3, randomised, controlled trials. Patients had active PsA despite prior conventional and/or biologic disease-modifying antirheumatic drugs (≥5/66 swollen, ≥5/68 tender joints, C-reactive protein ≥3.0 mg/L, documented plaque psoriasis). Patients (PSUMMIT-1, n=615; PSUMMIT-2, n=312) were randomised to ustekinumab 45 mg, 90 mg, or placebo, at weeks (wk) 0, 4 and every (q) 12 wks. At wk 16, patients with &lt;5% improvement in tender/swollen joint counts entered blinded early escape. All other placebo patients received ustekinumab 45 mg at wk 24 and wk 28, then q 12 wks. Radiographs of hands/feet at wks 0/24/52 were assessed using PsA-modified van der Heijde-Sharp (vdH-S) scores; combined PSUMMIT-1 and PSUMMIT-2 changes in total vdH-S scores from wk 0 to wk 24 comprised the prespecified primary radiographic analysis. Treatment effects were assessed using analysis of variance on van der Waerden normal scores (factors=treatment, baseline methotrexate usage, and study). Results: Integrated data analysis results indicated that ustekinumab-treated patients (regardless of dose) demonstrated significantly less radiographic progression at wk 24 than did placebo recipients (wk 0-24 total vdH-S score mean changes: 0.4-combined/ individual ustekinumab dose groups, 1.0-placebo; all p&lt;0.02). From wk 24 to wk 52, inhibition of radiographic progression was maintained for ustekinumab-treated patients, and progression was substantially reduced among initial placebo recipients who started ustekinumab at wk 16 or wk 24 (wk 24 - wk 52, total vdH-S score mean change: 0.08). Conclusions: Ustekinumab 45 and 90 mg treatments significantly inhibited radiographic progression of joint damage in patients with active PsA.</subfield>
   </datafield>
   <datafield tag="653" ind2=" " ind1=" ">
      <subfield code="a">Anti-TNF</subfield>
   </datafield>
   <datafield tag="653" ind2=" " ind1=" ">
      <subfield code="a">Psoriatic Arthritis</subfield>
   </datafield>
   <datafield tag="653" ind2=" " ind1=" ">
      <subfield code="a">Spondyloarthritis</subfield>
   </datafield>
   <datafield ind2="0" ind1="0" tag="245">
      <subfield code="a">Ustekinumab, an anti-IL-12/23 p40 monoclonal antibody, inhibits radiographic progression in patients with active psoriatic arthritis : Results of an integrated analysis of radiographic data from the phase 3, multicentre, randomised, double-blind, placebo-controlled PSUMMIT-1 and PSUMMIT-2 trials</subfield>
   </datafield>
</record></metadata></record></GetRecord></OAI-PMH>